Normal view
MARC view
Entry Personal Name
001 - CONTROL NUMBER
- control field: 30015
003 - CONTROL NUMBER IDENTIFIER
- control field: ARRUPE
005 - DATE AND TIME OF LATEST TRANSACTION
- control field: 20170428090341.0
008 - FIXED-LENGTH DATA ELEMENTS
- fixed length control field: 170428|| aca||aabn | a|a d
040 ## - CATALOGING SOURCE
- Original cataloging agency: ARRUPE
- Transcribing agency: ARRUPE
100 ## - HEADING--PERSONAL NAME
- Personal name: Rogers, Cyril A
670 ## - SOURCE DATA FOUND
- Source citation: Work cat.: (ARRUPE)44633: Rogers, Cyril A, Racial Themes in Southern Rhodesia, 1962